000 00319nam a2200145Ia 4500
100 _aSampling & Recon
942 _cBK
654 _aManual ST 2101
245 _aManual - ST 2101 OM Science technology
260 _bScientific Sales
082 _a621.381536
300 _a22
546 _aENGLISH
999 _c29613
_d29613